000
00311cam a22001217a 4500
008
180718b1958 xxu||||| |||| 00| 0 eng d
082
_a
H9 H262
100
_a
Harvey, C.P.
245
_a
Advocate's devil
_c
by C.P. Harvey
260
_a
London
_b
Stevens
_c
1958
300
_a
166p.
650
_a
Lawyers --Great Britain
999
_c
367699
_d
367699